| 000 | 00471pab a2200169 454500 | ||
|---|---|---|---|
| 008 | 180718b2004 xxu||||| |||| 00| 0 eng d | ||
| 100 | _aVaughn, Jacqueline | ||
| 245 | _aUsing parallel strategies to promote change: forest policy making under George W. Bush | ||
| 260 | _c2004 | ||
| 300 | _ap.767-82. | ||
| 362 | _aNov | ||
| 650 | _aForests - United States | ||
| 650 | _aForests | ||
| 700 | _aCortner, Hanna | ||
| 773 | _aReview of Policy Research | ||
| 909 | _a63747 | ||
| 999 |
_c63747 _d63747 |
||